[Event "Gold Coast op"]
[Site "Gold Coast"]
[Date "2023.07.09"]
[Round "8"]
[White "Stojic, Dusan"]
[Black "Renjith, Sravan"]
[Result "0-1"]
[WhiteElo "2234"]
[BlackElo "2123"]
[PlyCount "90"]
[EventDate "2023.07.05"]
[EventType "swiss"]
[EventRounds "9"]
[EventCountry "AUS"]
[SourceTitle "CBM 215 Extra"]
[Source "ChessBase"]
[SourceDate "2023.09.30"]
[SourceVersion "1"]
[SourceVersionDate "2023.09.30"]
[SourceQuality "1"]

1. e4 e5 2. Nf3 Nf6 3. Nxe5 d6 4. Nf3 Nxe4 5. d4 d5 6. Bd3 Bf5 7. 0-0 Be7 8. Re1 0-0 9. Nbd2 Nd6 10. Nf1 Nc6 11. Ne3 Be4 12. Ne5 Re8 13. f3 Bxd3 14. Qxd3 Bf8 15. Nxc6 bxc6 16. Bd2 Qh4 17. c3 Re6 18. Ng4 Rae8 19. Rxe6 Rxe6 20. Ne5 c5 21. Be1 Qe7 22. Bf2 c4 23. Qf1 Qe8 24. Re1 h5 25. b3 f6 26. bxc4 fxe5 27. cxd5 Re7 28. Bh4 Rd7 29. dxe5 Nf5 30. Qc4 Nxh4 31. d6+ Kh8 32. dxc7 Rxc7 33. Qxh4 Rxc3 34. Kh1 Be7 35. Qd4 Rc2 36. Qxa7 Bc5 37. Qa5 Qg6 38. Qa8+ Kh7 39. f4 Re2 40. Rd1 Qc2 41. Rf1 Rf2 42. Re1 Qe2 43. Rg1 Rxf4 44. g3 Bxg1 45. gxf4 Qxh2# 0-1

[Event "Perth op"]
[Site "Perth"]
[Date "2023.01.05"]
[Round "5"]
[White "Stojic, Dusan"]
[Black "Saxon, Marc"]
[Result "1/2-1/2"]
[WhiteElo "2219"]
[BlackElo "1813"]
[PlyCount "93"]
[EventDate "2023.01.02"]
[EventType "swiss"]
[EventRounds "11"]
[EventCountry "AUS"]
[SourceTitle "CBM 212 Extra"]
[Source "ChessBase"]
[SourceDate "2023.03.31"]
[SourceVersion "1"]
[SourceVersionDate "2023.03.31"]
[SourceQuality "1"]

1. Nf3 Nf6 2. c4 g6 3. b4 Bg7 4. Bb2 0-0 5. e3 c6 6. Be2 Qc7 7. 0-0 Re8 8. d4 d5 9. Nc3 Bg4 10. Qb3 e6 11. Rac1 Ne4 12. Rfd1 Qe7 13. h3 Nxc3 14. Bxc3 Bxf3 15. Bxf3 Nd7 16. e4 dxc4 17. Qxc4 e5 18. d5 Nb6 19. Qb3 cxd5 20. exd5 e4 21. d6 Qg5 22. d7 Red8 23. Bxe4 Rxd7 24. Bxg7 Kxg7 25. Qc3+ Qf6 26. Rxd7 Nxd7 27. Bxb7 Qxc3 28. Rxc3 Rb8 29. Rc7 Nf6 30. Bc6 Rxb4 31. Rxa7 Rc4 32. Ba4 Ne4 33. Bb3 Rc1+ 34. Kh2 Nd2 35. Rxf7+ Kh6 36. g3 Rc3 37. Bd5 Rd3 38. Be6 Rd6 39. Re7 Nf3+ 40. Kg2 Ne1+ 41. Kf1 Nf3 42. Bg8 Rd1+ 43. Kg2 Ne1+ 44. Kh1 Nf3+ 45. Kg2 Ne1+ 46. Kf1 Nf3+ 47. Kg2 1/2-1/2

[Event "Queensland-ch"]
[Site "Brisbane"]
[Date "2019.10.06"]
[Round "7"]
[White "McClymont, Brodie"]
[Black "Stojic, Dusan"]
[Result "1-0"]
[WhiteElo "2332"]
[BlackElo "2270"]
[PlyCount "89"]
[EventDate "2019.10.03"]
[EventType "swiss"]
[EventRounds "9"]
[EventCountry "AUS"]
[SourceTitle "EXT 2021"]
[Source "ChessBase"]
[SourceDate "2020.10.23"]
[SourceVersion "1"]
[SourceVersionDate "2020.10.23"]
[SourceQuality "1"]

1. e4 c5 2. Nf3 a6 3. b3 b5 4. a4 Bb7 5. axb5 axb5 6. Rxa8 Bxa8 7. Bxb5 Bxe4 8. Nc3 Bb7 9. Ba3 e6 10. Na4 Qc7 11. Qa1 Nf6 12. Qe5 Qxe5+ 13. Nxe5 Bxg2 14. Rg1 Be4 15. d3 Bf5 16. Nxc5 Bd6 17. Ncxd7 Bxa3 18. Nxf6+ Ke7 19. Ne4 Rc8 20. Nc4 Bb4+ 21. Ke2 Bxe4 22. dxe4 Rc5 23. Ba4 g6 24. Rg3 Rh5 25. c3 Bc5 26. b4 Ba7 27. h3 Rh4 28. Nd2 Nd7 29. Bxd7 Kxd7 30. c4 f5 31. Ra3 Bd4 32. Rd3 e5 33. exf5 gxf5 34. Nf3 Re4+ 35. Kd2 Rf4 36. Nxd4 exd4 37. Ke2 Kc6 38. Rg3 Kd6 39. Rf3 Re4+ 40. Kd2 Ke5 41. b5 d3 42. Kxd3 f4 43. b6 Rd4+ 44. Kc3 Ke4 45. Rxf4+ 1-0

[Event "Queensland-ch"]
[Site "Brisbane"]
[Date "2019.10.04"]
[Round "3"]
[White "Stojic, Dusan"]
[Black "Fernandez, Daniel Howard"]
[Result "0-1"]
[WhiteElo "2270"]
[BlackElo "2440"]
[PlyCount "168"]
[EventDate "2019.10.03"]
[EventType "swiss"]
[EventRounds "9"]
[EventCountry "AUS"]
[SourceTitle "EXT 2021"]
[Source "ChessBase"]
[SourceDate "2020.10.23"]
[SourceVersion "1"]
[SourceVersionDate "2020.10.23"]
[SourceQuality "1"]

1. c4 c5 2. Nc3 Nf6 3. g3 Nc6 4. Bg2 g6 5. Nf3 Bg7 6. d4 cxd4 7. Nxd4 0-0 8. 0-0 d6 9. Nxc6 bxc6 10. Bxc6 Rb8 11. Bg2 Qa5 12. Bd2 Rxb2 13. Rb1 Rxb1 14. Qxb1 Ba6 15. Rc1 Bxc4 16. Qb7 e6 17. Qc6 Qa6 18. a4 Bxe2 19. Nxe2 Qxe2 20. Be3 d5 21. Bxa7 h5 22. Bf1 Qb2 23. Rc2 Qb3 24. a5 Ng4 25. Rc1 Qb2 26. Qc2 Ra8 27. Qxb2 Bxb2 28. Rc7 Ne5 29. a6 Nc4 30. Be2 Be5 31. Rd7 Bf6 32. Kf1 Kg7 33. Bd1 Ne5 34. Rc7 Bd8 35. Rb7 Nc6 36. Be3 Rxa6 37. Be2 Ra1+ 38. Kg2 d4 39. Bf4 Bf6 40. Bb5 Ne7 41. Bc4 g5 42. Bd6 Nf5 43. Bb4 Kg6 44. Bd3 g4 45. h3 Ra2 46. hxg4 hxg4 47. Bc5 Rd2 48. Be4 Rd1 49. Rd7 Be5 50. f3 gxf3+ 51. Kxf3 Kf6 52. Bxf5 exf5 53. Ke2 Rb1 54. Bxd4 Ke6 55. Rd8 Bxg3 56. Bc3 Rb3 57. Rd3 Be5 58. Bd2 Rb8 59. Kf3 f6 60. Ra3 Rh8 61. Ra6+ Kf7 62. Ra7+ Kg6 63. Be1 Rh3+ 64. Kg2 Rb3 65. Ra2 f4 66. Rf2 Rg3+ 67. Kf1 Kf5 68. Rg2 Rf3+ 69. Rf2 Rb3 70. Rc2 Bd4 71. Rd2 Ke4 72. Re2+ Be3 73. Rh2 Rb1 74. Ra2 f3 75. Ra1 Rb3 76. Rb1 Rd3 77. Rb4+ Bd4 78. Rb1 f2 79. Ba5 Rg3 80. Ke2 f5 81. Bb6 Re3+ 82. Kxf2 Rb3+ 83. Bxd4 Rxb1 84. Ba7 Rb2+ 0-1

[Event "Queensland-ch"]
[Site "Brisbane"]
[Date "2019.10.03"]
[Round "1"]
[White "Stojic, Dusan"]
[Black "Silva, KWCU"]
[Result "1-0"]
[WhiteElo "2270"]
[BlackElo "1894"]
[PlyCount "133"]
[EventDate "2019.10.03"]
[EventType "swiss"]
[EventRounds "9"]
[EventCountry "AUS"]
[SourceTitle "EXT 2021"]
[Source "ChessBase"]
[SourceDate "2020.10.23"]
[SourceVersion "1"]
[SourceVersionDate "2020.10.23"]
[SourceQuality "1"]

1. Nf3 Nf6 2. g3 b6 3. Bg2 Bb7 4. c4 c5 5. 0-0 g6 6. Nc3 Bg7 7. d4 cxd4 8. Qxd4 0-0 9. Qh4 d6 10. Bh6 Nbd7 11. Rac1 Rc8 12. b3 Re8 13. Bh3 Bxf3 14. exf3 Rc5 15. Bxg7 Kxg7 16. Qd4 Kg8 17. f4 a6 18. b4 Rc8 19. Nd5 e6 20. Ne3 Qe7 21. Rfd1 d5 22. cxd5 Rxc1 23. Rxc1 Nxd5 24. Nxd5 exd5 25. Rc7 Qe1+ 26. Kg2 Nf8 27. Qxd5 Qe4+ 28. Qxe4 Rxe4 29. a3 a5 30. bxa5 bxa5 31. f5 Rd4 32. fxg6 hxg6 33. Rc5 Ra4 34. Rc3 Kg7 35. Kf3 f5 36. Ke3 Re4+ 37. Kd2 Ne6 38. Bg2 Re5 39. Re3 Kf6 40. Rxe5 Kxe5 41. Kd3 f4 42. Kc4 g5 43. Bh3 Nd4 44. gxf4+ gxf4 45. Bc8 Nf3 46. h3 Nd2+ 47. Kb5 Ne4 48. Kxa5 Nxf2 49. Kb6 Nd3 50. Bb7 Nb2 51. Kb5 Kd4 52. Bh1 Nd1 53. h4 Nc3+ 54. Kc6 Ke5 55. h5 Kf5 56. Kc5 Kg5 57. Bf3 Na4+ 58. Kb4 Nb6 59. Kc5 Na4+ 60. Kd4 Nb6 61. Bd1 Kf6 62. Kc5 Nd7+ 63. Kb5 Ke5 64. Kc6 Nf6 65. h6 Kd4 66. a4 Kc4 67. a5 1-0

[Event "Gold Coast op"]
[Site "Gold Coast"]
[Date "2019.07.01"]
[Round "9"]
[White "Stojic, Dusan"]
[Black "McClymont, Brodie"]
[Result "0-1"]
[WhiteElo "2271"]
[BlackElo "2311"]
[PlyCount "90"]
[EventDate "2019.06.27"]
[EventType "swiss"]
[EventRounds "9"]
[EventCountry "AUS"]
[SourceTitle "CBM 191 Extra"]
[Source "ChessBase"]
[SourceDate "2019.09.30"]
[SourceVersion "1"]
[SourceVersionDate "2019.09.30"]
[SourceQuality "1"]

1. Nf3 Nf6 2. g3 g6 3. Bg2 Bg7 4. c4 0-0 5. 0-0 d6 6. d4 a6 7. b3 c5 8. Bb2 Nc6 9. Nc3 Bd7 10. e3 Rb8 11. Qe2 Qa5 12. d5 Nd8 13. e4 Bg4 14. a4 Nd7 15. Qc2 Bxf3 16. Bxf3 Bd4 17. Bg4 Ne5 18. Bh3 g5 19. Bg2 g4 20. Nd1 f6 21. h3 gxh3 22. Bxh3 Qd2 23. Qb1 Nf3+ 24. Kg2 Ne1+ 25. Rxe1 Qxe1 26. Bxd4 cxd4 27. Qd3 e5 28. dxe6 Nc6 29. Bf5 Kh8 30. Qf3 b6 31. Bxh7 Rb7 32. Bg6 Ne5 33. Qh5+ Kg8 34. Bf5 Rg7 35. Rb1 Nd3 36. Qf3 Qd2 37. Kf1 Ne5 38. Qh5 Qd3+ 39. Kg2 Qxb1 40. f4 Qc2+ 41. Kh3 Nd3 42. Bg6 Qxd1 43. Bf7+ Rfxf7 44. exf7+ Kf8 45. Qh8+ Kxf7 0-1

[Event "Gold Coast op"]
[Site "Gold Coast"]
[Date "2019.06.30"]
[Round "7"]
[White "Fernandez, Daniel"]
[Black "Stojic, Dusan"]
[Result "1-0"]
[WhiteElo "2466"]
[BlackElo "2271"]
[PlyCount "81"]
[EventDate "2019.06.27"]
[EventType "swiss"]
[EventRounds "9"]
[EventCountry "AUS"]
[SourceTitle "CBM 191 Extra"]
[Source "ChessBase"]
[SourceDate "2019.09.30"]
[SourceVersion "1"]
[SourceVersionDate "2019.09.30"]
[SourceQuality "1"]

1. Nf3 c5 2. b3 d6 3. d4 cxd4 4. Nxd4 Nf6 5. g3 d5 6. Bb2 e5 7. Nf3 Bb4+ 8. Nfd2 Nc6 9. Bg2 Be6 10. 0-0 Qd7 11. Nf3 Bd6 12. Nc3 h6 13. e3 Rd8 14. Qc1 e4 15. Nd2 h5 16. Nb5 Bb8 17. c4 Bh3 18. Bxf6 gxf6 19. Nc3 h4 20. Nxd5 Qe6 21. Bxe4 f5 22. Bg2 hxg3 23. fxg3 Rxd5 24. cxd5 Qxe3+ 25. Rf2 Bxg2 26. Qe1 f4 27. Nc4 Qxe1+ 28. Rxe1+ Kd8 29. Kxg2 Rxh2+ 30. Kxh2 fxg3+ 31. Kg2 gxf2 32. Rh1 b5 33. Rh8+ Kc7 34. dxc6 bxc4 35. bxc4 a6 36. Rf8 f5 37. c5 f4 38. Kxf2 Ba7 39. Rf7+ Kb8 40. Rb7+ Ka8 41. Rb6 1-0

[Event "Gold Coast op"]
[Site "Gold Coast"]
[Date "2019.06.30"]
[Round "6"]
[White "Stojic, Dusan"]
[Black "Solomon, Stephen J"]
[Result "1-0"]
[WhiteElo "2271"]
[BlackElo "2320"]
[PlyCount "147"]
[EventDate "2019.06.27"]
[EventType "swiss"]
[EventRounds "9"]
[EventCountry "AUS"]
[SourceTitle "CBM 191 Extra"]
[Source "ChessBase"]
[SourceDate "2019.09.30"]
[SourceVersion "1"]
[SourceVersionDate "2019.09.30"]
[SourceQuality "1"]

1. e4 e5 2. Nf3 Nc6 3. Bb5 a6 4. Ba4 Nf6 5. 0-0 Be7 6. Bxc6 dxc6 7. d3 Nd7 8. Nbd2 0-0 9. Nc4 f6 10. Nh4 Nc5 11. Nf5 Bxf5 12. exf5 Qd5 13. Qg4 Rfe8 14. Re1 Rad8 15. Nd2 Bf8 16. h3 Qf7 17. Nf1 Rd4 18. Qe2 e4 19. f3 e3 20. Bxe3 Rdd8 21. Qf2 b6 22. g4 Na4 23. Rab1 Bb4 24. c3 Bf8 25. Qc2 b5 26. b3 Nc5 27. d4 Nd7 28. c4 Nb6 29. c5 Nd5 30. Bd2 Rxe1 31. Rxe1 Re8 32. Re4 Qd7 33. Qd3 Kf7 34. Ng3 Ra8 35. b4 Re8 36. a3 Re7 37. h4 Ke8 38. Qe2 Kd8 39. Re6 Qe8 40. Nh5 Kd7 41. Re4 Qf7 42. Ng3 Re8 43. h5 h6 44. Nh1 Ne7 45. Nf2 Nd5 46. Nd3 Be7 47. Ne1 Bd8 48. Ng2 Be7 49. Nh4 Bd8 50. Ng6 Ne7 51. Nf4 Nd5 52. Rxe8 Qxe8 53. Qe6+ Qxe6 54. Nxe6 Ke7 55. Nxg7 Kf7 56. Ne6 Be7 57. Bxh6 Kg8 58. Kf2 Kf7 59. Ke2 Kg8 60. Kd3 Kf7 61. Bf4 Bf8 62. Bd2 Be7 63. Kc2 Kg8 64. Bf4 Bf8 65. Bxc7 Bh6 66. Bd6 Ne3+ 67. Kd3 Nc4 68. f4 Nxa3 69. g5 Bg7 70. h6 Bxh6 71. gxh6 Nc4 72. Bf8 a5 73. bxa5 Nxa5 74. Bg7 1-0

[Event "Gold Coast op"]
[Site "Gold Coast"]
[Date "2019.06.29"]
[Round "5"]
[White "Kay, James"]
[Black "Stojic, Dusan"]
[Result "0-1"]
[WhiteElo "1772"]
[BlackElo "2271"]
[PlyCount "39"]
[EventDate "2019.06.27"]
[EventType "swiss"]
[EventRounds "9"]
[EventCountry "AUS"]
[SourceTitle "CBM 191 Extra"]
[Source "ChessBase"]
[SourceDate "2019.09.30"]
[SourceVersion "1"]
[SourceVersionDate "2019.09.30"]
[SourceQuality "1"]

1. g3 c5 2. Bg2 Nc6 3. Nf3 e5 4. d3 g6 5. 0-0 Bg7 6. c3 Nge7 7. Qc2 0-0 8. a4 d5 9. e4 h6 10. Ne1 f5 11. exd5 Nxd5 12. f4 exf4 13. Bxf4 Be6 14. Na3 g5 15. Bd2 Qd7 16. Nf3 f4 17. Rae1 g4 18. Nh4 f3 19. Nxf3 gxf3 20. Bxf3 0-1

[Event "Gold Coast op"]
[Site "Gold Coast"]
[Date "2019.06.29"]
[Round "4"]
[White "Stojic, Dusan"]
[Black "Tsai, Charles"]
[Result "1-0"]
[WhiteElo "2271"]
[BlackElo "1988"]
[PlyCount "77"]
[EventDate "2019.06.27"]
[EventType "swiss"]
[EventRounds "9"]
[EventCountry "AUS"]
[SourceTitle "CBM 191 Extra"]
[Source "ChessBase"]
[SourceDate "2019.09.30"]
[SourceVersion "1"]
[SourceVersionDate "2019.09.30"]
[SourceQuality "1"]

1. c4 e6 2. g3 Nf6 3. Bg2 d5 4. Nf3 Be7 5. b3 0-0 6. Bb2 c5 7. cxd5 exd5 8. d4 Nc6 9. 0-0 b6 10. Ne5 Bb7 11. Nxc6 Bxc6 12. Nd2 Rc8 13. Rc1 Qd6 14. Nf3 Bb7 15. Ne5 Qb8 16. Ba3 Rfd8 17. Nd3 Nd7 18. Rc2 Bf8 19. Bh3 c4 20. Bxf8 cxd3 21. Rxc8 Qxc8 22. Bd6 dxe2 23. Qxe2 Ba6 24. Qe7 Bxf1 25. Kxf1 h6 26. Kg2 Re8 27. Bxd7 Rxe7 28. Bxc8 Re2 29. Bb7 Rd2 30. Be5 f6 31. Bxd5+ Kh8 32. Bb8 Rxd4 33. Bc6 a6 34. Bb7 a5 35. Bc6 Rd2 36. a4 Rd3 37. Bb5 Rxb3 38. Bc7 g5 39. Bxb6 1-0

[Event "NZL-ch op 126th"]
[Site "Auckland"]
[Date "2019.01.19"]
[Round "6"]
[White "Stojic, Dusan"]
[Black "Sandler, Leonid"]
[Result "0-1"]
[WhiteElo "2275"]
[BlackElo "2216"]
[PlyCount "100"]
[EventDate "2019.01.14"]
[EventType "swiss"]
[EventRounds "9"]
[EventCountry "NZL"]
[SourceTitle "CBM 188 Extra"]
[Source "ChessBase"]
[SourceDate "2019.02.26"]
[SourceVersion "1"]
[SourceVersionDate "2019.02.26"]
[SourceQuality "1"]

1. e4 c5 2. Nf3 e6 3. d4 cxd4 4. Nxd4 Nc6 5. Nc3 Qc7 6. Be3 a6 7. Qd2 Nf6 8. 0-0-0 Bb4 9. f3 0-0 10. g4 b5 11. g5 Ne8 12. Kb1 Bb7 13. a3 Be7 14. Nb3 d6 15. h4 b4 16. axb4 Nxb4 17. Na4 Nc6 18. Be2 Rb8 19. Bb6 Qc8 20. h5 Bd8 21. Rhg1 Bxb6 22. Nxb6 Qc7 23. Nc4 Rd8 24. Qc3 d5 25. exd5 exd5 26. Ne3 Ne7 27. Qd4 Nc6 28. Qc3 Ne7 29. Qd4 Nc6 30. Qc5 Ne7 31. Ng4 Rc8 32. Qxc7 Rxc7 33. Rd2 Kh8 34. Na5 Bc8 35. c4 dxc4 36. Rd8 Bf5+ 37. Ka1 Rc8 38. Rgd1 Bd3 39. Rxc8 Bxe2 40. Rxe8 Rxe8 41. Re1 Nf5 42. Nxc4 Nd4 43. Na3 Nxf3 44. Rc1 Nxg5 45. Ne5 f6 46. Nd7 Bxh5 47. Rc6 Bg4 48. Nc5 h5 49. Nxa6 h4 50. b4 h3 0-1

[Event "NZL-ch op 126th"]
[Site "Auckland"]
[Date "2019.01.17"]
[Round "4"]
[White "Stojic, Dusan"]
[Black "Rains, Edward"]
[Result "1-0"]
[WhiteElo "2275"]
[BlackElo "1999"]
[PlyCount "67"]
[EventDate "2019.01.14"]
[EventType "swiss"]
[EventRounds "9"]
[EventCountry "NZL"]
[SourceTitle "CBM 188 Extra"]
[Source "ChessBase"]
[SourceDate "2019.02.26"]
[SourceVersion "1"]
[SourceVersionDate "2019.02.26"]
[SourceQuality "1"]

1. e4 c5 2. Nf3 e6 3. d4 cxd4 4. Nxd4 Nc6 5. Nc3 Qc7 6. Be2 Nf6 7. 0-0 Be7 8. Be3 d6 9. Ndb5 Qb8 10. a4 0-0 11. f4 Rd8 12. Bf3 a6 13. Nd4 Nxd4 14. Bxd4 e5 15. Bb6 Re8 16. f5 Bd7 17. a5 Bc6 18. g4 Nd7 19. Be3 b5 20. axb6 Bd8 21. Kh1 Bxb6 22. Bxb6 Nxb6 23. f6 Nd7 24. Qd3 Nc5 25. Qd2 Ne6 26. fxg7 Rd8 27. Qh6 Qb7 28. Nd5 Bxd5 29. exd5 Nc5 30. g5 Qb4 31. c3 Qf4 32. Bg2 Qd2 33. Rxf7 Kxf7 34. g6+ 1-0

[Event "George Trundle IM"]
[Site "Auckland"]
[Date "2019.01.11"]
[Round "8"]
[White "Hague, Ben"]
[Black "Stojic, Dusan"]
[Result "0-1"]
[WhiteElo "2411"]
[BlackElo "2275"]
[PlyCount "52"]
[EventDate "2019.01.04"]
[EventType "tourn"]
[EventRounds "9"]
[EventCountry "NZL"]
[EventCategory "4"]
[SourceTitle "CBM 188 Extra"]
[Source "ChessBase"]
[SourceDate "2019.02.26"]
[SourceVersion "1"]
[SourceVersionDate "2019.02.26"]
[SourceQuality "1"]

1. e4 c5 2. d4 cxd4 3. c3 Nf6 4. e5 Nd5 5. Nf3 e6 6. cxd4 b6 7. Nc3 Nxc3 8. bxc3 Qc7 9. Be2 Qxc3+ 10. Bd2 Qa3 11. 0-0 Ba6 12. Rc1 Nc6 13. Rc3 Bxe2 14. Qxe2 Qxa2 15. Qe4 Qd5 16. Qg4 b5 17. Be3 b4 18. Rd3 a5 19. Ng5 h6 20. Ne4 Nxe5 21. dxe5 Qxd3 22. Nd6+ Bxd6 23. Qxg7 Qh7 24. Qf6 Be7 25. Qf3 0-0 26. Rd1 Qf5 0-1

[Event "Australian op"]
[Site "Melbourne"]
[Date "2018.12.31"]
[Round "9"]
[White "Stojic, Dusan"]
[Black "Johansen, Darryl Keith"]
[Result "0-1"]
[WhiteElo "2275"]
[BlackElo "2345"]
[PlyCount "120"]
[EventDate "2018.12.27"]
[EventType "swiss"]
[EventRounds "9"]
[EventCountry "AUS"]
[SourceTitle "CBM 188 Extra"]
[Source "ChessBase"]
[SourceDate "2019.02.26"]
[SourceVersion "1"]
[SourceVersionDate "2019.02.26"]
[SourceQuality "1"]

1. Nf3 c5 2. g3 g6 3. Bg2 Bg7 4. c4 Nc6 5. Nc3 e6 6. d3 Nge7 7. Bd2 0-0 8. a3 b6 9. Rb1 Bb7 10. b4 cxb4 11. axb4 Ne5 12. Nh4 Bxg2 13. Nxg2 d5 14. f4 N5c6 15. b5 Na5 16. cxd5 Nxd5 17. Nxd5 Qxd5 18. 0-0 Nb7 19. Qb3 Qd7 20. Rfc1 Rfc8 21. Qa4 Nc5 22. Qa3 Bf8 23. Qa1 Ne4 24. Be3 Bg7 25. Rxc8+ Rxc8 26. Qa6 Nc3 27. Re1 Nxb5 28. Qa4 Rc7 29. Kf2 Nc3 30. Qxd7 Rxd7 31. Nh4 Nd5 32. Nf3 Nxe3 33. Kxe3 Rc7 34. Rb1 Kf8 35. d4 Ke8 36. Kd3 Kd8 37. e4 Kc8 38. Rb3 Kb7 39. Ne5 f6 40. Nc4 Rd7 41. Na5+ Ka8 42. Nc4 Rd8 43. h3 Bf8 44. Ke3 Rb8 45. e5 fxe5 46. fxe5 b5 47. Na5 b4 48. Ke4 Rb5 49. Rf3 Rxa5 50. Rxf8+ Kb7 51. Rf7+ Kc8 52. Rf8+ Kc7 53. Rf7+ Kc6 54. Re7 b3 55. Rxe6+ Kd7 56. Rd6+ Kc7 57. Rf6 b2 58. Rf7+ Kb6 59. Rf6+ Kb5 60. Rf1 Ra1 0-1

[Event "Australian op"]
[Site "Melbourne"]
[Date "2018.12.30"]
[Round "6"]
[White "Smirnov, Anton"]
[Black "Stojic, Dusan"]
[Result "1/2-1/2"]
[WhiteElo "2553"]
[BlackElo "2275"]
[PlyCount "170"]
[EventDate "2018.12.27"]
[EventType "swiss"]
[EventRounds "9"]
[EventCountry "AUS"]
[SourceTitle "CBM 188 Extra"]
[Source "ChessBase"]
[SourceDate "2019.02.26"]
[SourceVersion "1"]
[SourceVersionDate "2019.02.26"]
[SourceQuality "1"]

1. e4 c5 2. Nc3 d6 3. d4 cxd4 4. Qxd4 Nf6 5. b3 a6 6. Bb2 Nbd7 7. f4 e5 8. Qd2 b5 9. Nf3 Bb7 10. 0-0-0 Be7 11. Qe1 Qc7 12. Nd5 Bxd5 13. exd5 Rc8 14. Bd3 exf4 15. Nd4 Nxd5 16. Nf5 Ne5 17. Be4 Ne3 18. Nxe3 fxe3 19. Qxe3 0-0 20. Kb1 f5 21. Bd5+ Kh8 22. Rd2 Bf6 23. h3 Rce8 24. Qf2 Nd7 25. Rhd1 Bxb2 26. Kxb2 Nf6 27. Qxf5 Ne4 28. Qxf8+ Rxf8 29. Bxe4 Qe7 30. Bf3 Rd8 31. Re2 Qf6+ 32. Kb1 g6 33. Rde1 Rd7 34. Re6 Qd4 35. Re8+ Kg7 36. R8e7+ Rxe7 37. Rxe7+ Kg8 38. a3 h5 39. Re1 Kf7 40. Rd1 Qc5 41. Kb2 Qe5+ 42. Kb1 Ke6 43. b4 Kd7 44. Rd3 Kc7 45. g4 h4 46. Kc1 Qh2 47. Bd5 Qg1+ 48. Kd2 Qf2+ 49. Kd1 Kd7 50. Bb7 Kc7 51. Bd5 Kb6 52. Bg8 Qf1+ 53. Kd2 Qf2+ 54. Kd1 Qf1+ 55. Kd2 Qf4+ 56. Kd1 a5 57. bxa5+ Kxa5 58. Bd5 Kb6 59. Bg8 Kc5 60. Rd5+ Kc6 61. Rd3 Qf1+ 62. Kd2 Qf4+ 63. Kd1 Kd7 64. Bd5 Qf1+ 65. Kd2 Qf2+ 66. Kd1 Ke7 67. Bc6 Qg1+ 68. Kd2 Qf2+ 69. Kd1 Qc5 70. Bd5 Kf6 71. Bg8 Qg1+ 72. Kd2 Qf2+ 73. Kd1 Ke5 74. Ba2 Kf4 75. Bd5 Qf1+ 76. Kd2 Qf2+ 77. Kd1 Qf1+ 78. Kd2 Ke5 79. Ba2 Qf2+ 80. Kd1 Qg1+ 81. Kd2 Qh2+ 82. Kd1 Qh1+ 83. Kd2 Qg2+ 84. Kd1 Qf1+ 85. Kd2 Qf2+ 1/2-1/2

[Event "Australian op"]
[Site "Melbourne"]
[Date "2018.12.30"]
[Round "7"]
[White "Stojic, Dusan"]
[Black "Liu, Xiangyi"]
[Result "1/2-1/2"]
[WhiteElo "2275"]
[BlackElo "2439"]
[PlyCount "91"]
[EventDate "2018.12.27"]
[EventType "swiss"]
[EventRounds "9"]
[EventCountry "AUS"]
[SourceTitle "CBM 188 Extra"]
[Source "ChessBase"]
[SourceDate "2019.02.26"]
[SourceVersion "1"]
[SourceVersionDate "2019.02.26"]
[SourceQuality "1"]

1. Nf3 Nf6 2. c4 g6 3. b4 Bg7 4. Bb2 0-0 5. g3 c6 6. Bg2 a5 7. a3 d5 8. Qb3 Na6 9. d3 dxc4 10. dxc4 Qb6 11. Nbd2 axb4 12. axb4 Bd7 13. Rb1 Bf5 14. Bd4 Qc7 15. Rc1 c5 16. Be5 Qc8 17. b5 Nb4 18. 0-0 Qe6 19. Ra1 Bh6 20. Qb2 Ng4 21. Rxa8 Rxa8 22. e4 Nxe5 23. exf5 Nxf3+ 24. Nxf3 Qxf5 25. Rd1 Bg7 26. Qe2 Bf6 27. h3 Ra2 28. Qe3 Nc2 29. Qe2 Rb2 30. Rd2 Rb1+ 31. Kh2 Rc1 32. Rd8+ Kg7 33. Qd2 e6 34. Rb8 Rb1 35. Qd6 g5 36. Qf8+ Kg6 37. Rxb7 Bg7 38. Qe7 Nd4 39. Nxd4 Bxd4 40. Be4 Qxe4 41. Qxf7+ Kh6 42. Qf8+ Kg6 43. Qg8+ Kh6 44. Qf8+ Kg6 45. Qf7+ Kh6 46. Qf8+ 1/2-1/2

[Event "Doeberl Cup 56th"]
[Site "Canberra"]
[Date "2018.03.30"]
[Round "3"]
[White "Smirnov, Anton"]
[Black "Stojic, Dusan"]
[Result "0-1"]
[WhiteElo "2543"]
[BlackElo "2265"]
[PlyCount "112"]
[EventDate "2018.03.29"]
[EventType "swiss"]
[EventRounds "9"]
[EventCountry "AUS"]
[SourceTitle "CBM 187 Extra"]
[Source "ChessBase"]
[SourceDate "2018.11.04"]
[SourceVersion "1"]
[SourceVersionDate "2018.11.04"]
[SourceQuality "1"]

1. e4 c5 2. Nf3 d6 3. d4 cxd4 4. Nxd4 Nf6 5. Nc3 a6 6. Be3 e5 7. Nde2 Ng4 8. Qd2 Nxe3 9. Qxe3 Nd7 10. 0-0-0 Nf6 11. g3 h5 12. Bg2 Qc7 13. f4 Be7 14. fxe5 b5 15. Nd5 dxe5 16. h3 Nxd5 17. exd5 Bf5 18. Nc3 Rc8 19. Be4 Bxe4 20. Qxe4 b4 21. Na4 g6 22. g4 Qc4 23. Qxc4 Rxc4 24. Nb6 Rd4 25. Rxd4 exd4 26. Re1 Kd8 27. Nc4 hxg4 28. hxg4 Bg5+ 29. Kd1 Rh2 30. Re5 Rh1+ 31. Ke2 Rh2+ 32. Kd3 Rh3+ 33. Ke2 Rh2+ 34. Kd1 Rh1+ 35. Re1 Rh2 36. Re4 Be3 37. Nxe3 dxe3 38. Rxe3 Rg2 39. Re4 a5 40. c4 Rxb2 41. d6 Rxa2 42. Re5 b3 43. Rb5 a4 44. c5 Rc2 45. Rb8+ Kd7 46. Rb7+ Ke8 47. Rb8+ Kd7 48. Rb7+ Kc8 49. Rc7+ Kd8 50. c6 a3 51. Rd7+ Kc8 52. Rc7+ Kd8 53. Rd7+ Ke8 54. Rc7 Rxc6 55. d7+ Kd8 56. Rxc6 a2 0-1

[Event "NZL-ch op 125th"]
[Site "Palmerston North"]
[Date "2018.01.05"]
[Round "5"]
[White "Stojic, Dusan"]
[Black "Hague, Ben"]
[Result "0-1"]
[WhiteElo "2251"]
[BlackElo "2368"]
[PlyCount "80"]
[EventDate "2018.01.01"]
[EventType "swiss"]
[EventRounds "9"]
[EventCountry "NZL"]
[SourceTitle "CBM 182 Extra"]
[Source "ChessBase"]
[SourceDate "2018.02.23"]
[SourceVersion "1"]
[SourceVersionDate "2018.02.23"]
[SourceQuality "1"]

1. e4 c5 2. Nf3 Nc6 3. d4 cxd4 4. Nxd4 e5 5. Nb5 d6 6. g3 Be7 7. Bg2 Nf6 8. N5c3 0-0 9. Nd5 Nxd5 10. exd5 Nb8 11. 0-0 Nd7 12. c4 f5 13. Nc3 f4 14. Ne4 Nc5 15. b4 Nxe4 16. Bxe4 Bf5 17. Qd3 Qd7 18. Rb1 Bxe4 19. Qxe4 Rf6 20. f3 fxg3 21. hxg3 Qh3 22. Rb2 Qxg3+ 23. Rg2 Qh3 24. Bg5 Rg6 25. f4 Bxg5 26. fxg5 Qd7 27. c5 Rc8 28. cxd6 Rxd6 29. g6 Rxg6 30. Rxg6 hxg6 31. Rd1 Qf5 32. Qxf5 gxf5 33. Kf2 Kf7 34. Ke3 Ke7 35. Rg1 Kd6 36. Rg6+ Kxd5 37. Rxg7 Rc3+ 38. Ke2 Rc2+ 39. Kf3 Rxa2 40. Rxb7 Ra3+ 0-1